| 000 | 01160nam0a22003251 4500 | ||
|---|---|---|---|
| 001 | rc\2191619 | ||
| 005 | 20240617140223.0 | ||
| 035 | _a(NLR Aleph) 006692732 | ||
| 090 |
_a5162520 _c5162520 |
||
| 100 | _a20110829d1978 |||y0rusy50 ca | ||
| 101 | 0 | _arus | |
| 102 | _aRU | ||
| 105 | _ay z ||||| | ||
| 200 | 1 |
_aМетодика партийной учебы _eУчеб. пособие _f[А.С. Вишняков, Ю.К. Бабанский, Н.Н. Генц и др.] |
|
| 210 |
_aМосква _cПолитиздат _d1978 |
||
| 215 |
_a384 с. _d20 |
||
| 320 | _aСписок лит.: с. 380-382 | ||
| 606 |
_aПартийная учеба _xМетодика _2psbo |
||
| 701 | 1 |
_aГенц _bН. Н. |
|
| 701 | 1 |
_aВишняков _bА. С. _gАлександр Степанович |
|
| 701 | 1 |
_aБабанский _bЮ. К. _f1927-1987 _gЮрий Константинович _3RU\NLR\AUTH\770269241 _4070 |
|
| 801 | 0 |
_aRU _bNLR _gpsbo |
|
| 801 | 1 |
_aRU _bELAR _2rusmarc |
|
| 852 |
_aNLR _j78-3/1638 |
||
| 899 |
_aRuMoRGB _jБ 77-26/982 |
||
| 899 |
_aRuMoRGB _jБ 77-26/983 |
||
| 899 |
_aRuMoRGB _jФ 1-80/12426 |
||
| 942 | _cBOOK | ||
| 980 | _aNB | ||